The Papua New Guinea Quiz Stats

 Plays Quiz Updated May 24, 2018

Also try: The Mexico Quiz
Challenge
Share
Tweet
Embed
Score 0/41 Timer 07:00
13 Plays Today
Hint Answer % Correct
Flag ColorRed
98.3%
Flag ColorBlack
96.3%
Flag ColorYellow
93.4%
Flag ColorWhite
92.8%
Official LanguageEnglish
88.7%
Bordering OceanPacific Ocean
86.8%
Lowest Point (0 m)Pacific Ocean
86.7%
Drives on the...Left
86.1%
Age of Suffrage18
83.5%
Capital CityPort Moresby
77.4%
Largest CityPort Moresby
77.4%
Bordering CountryIndonesia
75.8%
Independence FromAustralia
74%
Largest Religious DenominationProtestant
70.4%
Internet Country Code.pg
67.5%
# of Provinces22
61.5%
Most Popular SportRugby League
56.5%
Nationality (Demonym)Papua New Guinean
53.4%
Vulnerable to frequent earthquakes due to being situated along the...Ring of Fire
44.1%
Government TypeParliamentary Democracy
42.2%
Year admitted to United Nations1975
40.7%
Hint Answer % Correct
Chief of StateQueen Elizabeth II
37.5%
Bordering SeaCoral Sea
37.3%
Official NameIndependent State of Papua New Guinea
35%
Official LanguageTok Pisin
31.6%
CurrencyPapua New Guinean Kina
30%
Official LanguageHiri Motu
29%
Prime MinisterPeter Paire O'Neill
28.6%
Largest ExportGold
28.5%
Largest ImportRefined Petroleum
28.2%
Bordering SeaSolomon Sea
25.4%
Official MottoUnity in Diversity
25.2%
Second Largest CityLae
24.3%
Bordering SeaBismarck Sea
23.4%
Independence DaySeptember 16, 1975
22.8%
National AnthemO Arise All You Sons
20.7%
Strait between Papua New Guinea and AustraliaTorres Strait
20.4%
National BirdRaggiana bird-of-paradise
18.2%
Highest Point (4,509 m) Mount Wilhelm
11.8%
Longest RiverSepik River
10.5%
Largest LakeLake Murray
10%

You're not logged in!

Compare scores with friends on all Sporcle quizzes.
OR
Log In

You Might Also Like...

Show Comments

Extras

Top Quizzes Today


Score Distribution

Your Account Isn't Verified!

In order to create a playlist on Sporcle, you need to verify the email address you used during registration. Go to your Sporcle Settings to finish the process.

Report this User

Report this user for behavior that violates our Community Guidelines.

Details: